| 000 | 00667cab a2200229 4500 | ||
|---|---|---|---|
| 001 | WB3440-44 | ||
| 008 | 090401t1998 xxu||||| |||| 00| 0 eng d | ||
| 035 | _a(Sirsi) u89163 | ||
| 041 | _aeng | ||
| 245 | _aMilk quota unease | ||
| 260 | _c1998 | ||
| 350 | _a0 | ||
| 490 |
_aFarmers' Weekly _v129(15) 16 October 1998, 27(1) |
||
| 520 | _aUncertainty about the future of milk quotas is leading to an increasing number of dairy producers leasing quotas rather than selling them. | ||
| 650 | _aMILK PRODUCTION | ||
| 650 | _aMILK QUOTAS | ||
| 650 | _aQUOTA LEASING | ||
| 650 | _aQUOTA SALES | ||
| 690 | _aRURAL PRACTICE | ||
| 942 | _n0 | ||
| 948 | _c21/10/1998 | ||
| 999 |
_c56386 _d56386 |
||